| 000 | 01640nam0a22003251 4500 | ||
|---|---|---|---|
| 001 | v19\rc\1316722 | ||
| 005 | 20260406191916.0 | ||
| 035 | _a(NLR Aleph) 005207979 | ||
| 090 |
_a5378772 _c5378772 |
||
| 100 | _a20060512d1900 |||y0rusy50 ca | ||
| 101 | 0 | _arus | |
| 102 | _aRU | ||
| 105 | _ay b ||||| | ||
| 200 | 1 |
_aКаталог Библиотеки служащих в Управлении железных дорог _eИзд. 1900 г. _fБ-ка служащих Управления жел. дор. |
|
| 210 |
_aСанкт-Петербург _d1900 |
||
| 215 |
_a[2], 110 с. _d24 |
||
| 311 | _a1-е дополнение...: 1901 г., 1901 | ||
| 311 | _a1-е дополнение...: 1909 г., 1910 | ||
| 311 | _a2-е дополнение...: 1914/Сост. ил. ком. С.В. Ивановым, 1914 | ||
| 421 | 0 |
_11010#$arus _12001#$a1-е дополнение...$e1901 г. _1210##$d1901 _1215##$a13 с. _t1-е дополнение... |
|
| 421 | 0 |
_11010#$arus _12001#$a1-е дополнение...$e1909 г. _1210##$d1910 _1215##$a68 с. _t1-е дополнение... |
|
| 421 | 0 |
_11010#$arus _12001#$a2-е дополнение...$e1914$fСост. ил. ком. С.В. Ивановым _1210##$d1914 _1215##$a93 с. _t2-е дополнение... |
|
| 702 | 1 |
_aИванов _bС. В. _4220 |
|
| 710 | 0 | 1 |
_aРоссия _bУправление железных дорог _bБиблиотека служащих _9404447 _3RU\NLR\AUTH\889954241 |
| 801 | 0 |
_aRU _bNLR _c20060512 _gpsbo |
|
| 801 | 1 |
_aRU _bProSoft-M _c20060512 _2rusmarc |
|
| 801 | 2 |
_aRU _bNLR _c20110621 _2rusmarc |
|
| 852 |
_aNLR _bБ _j5425-П-292/К-29 |
||
| 942 | _cBOOK | ||
| 980 | _aNB | ||